LEADER 01367nam a2200277 i 4500 001 000000132571 003 CaOOAMICUS 005 20041210000000.0 008 041210s2002 xxu u000 u eng u 013 $a105529 020 $a0-8146-2804-4 040 $aSeMil$bita 100 1 $aHoge, Dean R.$0(OLS)http://semarc/name/47035 245 14$aThe First Five Years of the Priesthood :$ba Study of Newly Ordained Catholic Priests /$cDean R. Hoge. 260 $aCollegeville (Minnesota) :$bThe Liturgical Press,$ccopyr. 2002. 300 $a186 p. ;$c23 cm. 500 $aContiene : References. 650 4$aChiesa cattolica - Stati Uniti d'America - Clero - Psicologia.$0(OLS)http://semarc/subject/26092 650 4$aChiesa cattolica - Clero - Psicologia.$0(OLS)http://semarc/subject/26093 650 4$aPresbiteri - Abbandono del ministero - Stati Uniti d'America - Psicologia.$0(OLS)http://semarc/subject/26094 850 $aSeMil 852 $aSeMil$W1$xVenegono$y1$m3G IV 48$j86478$B86478$CSeMilBibl$Z2$F90364 $81 961 $aOmaggio: Bressan don Luca 996 $6020$a0-8146-2804-4$9(OLS)http://semarc/number/119629 996 $6245$aThe First Five Years of the Priesthood :$ba Study of Newly Ordained Catholic Priests$9(OLS)http://semarc/title/194694 996 $6260$aCollegeville (Minnesota) :$bThe Liturgical Press$9(OLS)http://semarc/publisher/32329 LEADER 00930nam a2200241 i 4500 001 000000076406 003 CaOOAMICUS 005 20071003000000.0 008 071003s1981 it u000 u ita u 013 $a47578 040 $aSeMil$bita 100 1 $aBuzzi, Giancarlo,$d<1929-2015>.$0(OLS)http://semarc/name/17465 245 10$aAndré Gide /$cdi Giancarlo Buzzi. 260 $aFirenze :$bLa Nuova Italia,$c1981. 300 $a104 p. ;$c17 cm. 490 0 $aIl castoro ;$v170 500 $aContiene : Nota bibliografica ; Notizie biografiche. 600 14$aGide, André <1869-1951>.$0(OLS)http://semarc/subject/13787 830 3$aIl castoro ;$v170.$0(OLS)http://semarc/title/659 850 $aSeMil 852 $aSeMil$W1$xVenegono$y1$m1L II 64$j42558$B42558$CSeMilBibl$Z2$F42562 $81 996 $6245$aAndré Gide$9(OLS)http://semarc/title/123844 996 $6260$aFirenze :$bLa Nuova Italia$9(OLS)http://semarc/publisher/30055